Представление документа в формате RUSMARC

ПолеНазваниеЗначение
  Тип записи a
  Библиографический уровень a
001 Контрольный номер RU/CBS_UL/BASE/6d4b51e997b74c4e980ffe7adf7a2f6f
005 Дата корректировки 20260415125717.7
100 Данные общей обработки __
a Данные общей обработки 20260415 ||| 0rusy0189 ca
101 Язык документа 0_
a Язык текста rus
102 Страна публикации __
a Страна публикации RU
200 Заглавие и сведения об ответственности 1_
a Заглавие Не добрался
e Сведения, относящиеся к заглавию [японский вариатор Jatco серии JF020E]
f Первые сведения об ответственности И. Хлебушкин
300 Общие примечания __
a Общие примечания 16+
461 Уровень набора _0
1 2000
a За рулем
463 Уровень физической единицы _0
1 2000
a № 3
v С. 62-63 : фото
1 2101
d 2026
1 001RU/CBS_UL/BASE/0a9ad0c78bfa46c6a70124265e83ce14
606 Тематические рубрики 0_
a Основная рубрика Автомобили - Устройство
610 Ключевые слова 0_
a Ключевые слова устройство автомобилей
610 Ключевые слова 0_
a Ключевые слова вариаторы
610 Ключевые слова 0_
a Ключевые слова японские вариаторы
610 Ключевые слова 0_
a Ключевые слова вариаторы японские
610 Ключевые слова 0_
a Ключевые слова коробки передач
610 Ключевые слова 0_
a Ключевые слова Jatco (вариаторы)
686 Индексы других классификаций __
2 Код системы rubbk
a Классификационный индекс 39.33-04
700 Автор _1
a Фамилия Хлебушкин
b Имя (инициалы) И.
801 Источник записи _0
a Страна RU
b Организация МБУК ЦБС г. Ульяновска
c Дата составления 20260415
g Правила каталогизации RCR
801 Источник записи _1
a Страна RU
b Организация МБУК ЦБС г. Ульяновска
c Дата составления 20260415
g Правила каталогизации RCR
901 Тип документа __
t Тип документа b
w Контрольный № источника RU/CBS_UL/BASE/0a9ad0c78bfa46c6a70124265e83ce14
909 Создатель записи __
a Создатель записи lib2